University Home | Library Home | Institutional Repository

The Arabian horse : (Record no. 64675)

MARC details
000 -LEADER
fixed length control field 00693cam9a220021700 4500
001 - CONTROL NUMBER
control field tmp15688552
003 - CONTROL NUMBER IDENTIFIER
control field UPRA
005 - DATE AND TIME OF LATEST TRANSACTION
control field 20190815102735.0
008 - FIXED-LENGTH DATA ELEMENTS--GENERAL INFORMATION
fixed length control field 951004s1894 le eng u
035 ## - SYSTEM CONTROL NUMBER
System control number (Sirsi) r77525
035 ## - SYSTEM CONTROL NUMBER
System control number (UPRA)tmp15688552
040 ## - CATALOGING SOURCE
Transcribing agency UPRA
100 1# - MAIN ENTRY--PERSONAL NAME
Personal name Tweedie, W.
Linkage A37443.1
245 14 - TITLE STATEMENT
Title The Arabian horse :
Remainder of title his country and people /
Statement of responsibility, etc. with portraits of typical or famous Arabians ...
246 30 - VARYING FORM OF TITLE
Title proper/short title Arabian horse
260 ## - PUBLICATION, DISTRIBUTION, ETC.
Place of publication, distribution, etc. Beirut :
Name of publisher, distributor, etc. libr. du Liban,
Date of publication, distribution, etc. [1894]
500 ## - GENERAL NOTE
General note Reproduced from the original 1894 ed. published in England.
650 #0 - SUBJECT ADDED ENTRY--TOPICAL TERM
Topical term or geographic name entry element Horses.
Linkage S12352.1
949 ## - LOCAL PROCESSING INFORMATION (OCLC)
a SF284
w lcc
i 33729001902191
m MAIN
p 2500
t BOOK
l ON-SHELF

No items available.

© 2026 - The University of Zambia Library - Koha v25.11